Statistics for Population Countries (In millions)

Click here to take the quiz!

General Stats

  • This quiz has been taken 23 times
  • The average score is 10 of 10

Answer Stats

Population(Millions)Country% Correct
1,444.1China
100%
1,392.0India
100%
276.0Indonesia
100%
332.7USA
100%
130.1Mexico
95%
210.7Nigeria
95%
224.7Pakistan
95%
145.9Russia
95%
166.1Bangladesh
90%
213.8Brazil
85%

Score Distribution

Percentile by Number Answered

Percent of People with Each Score

Your Score History

You have not taken this quiz